000 00558nam a2200181Ia 4500
003 LDD
008 190117s9999 xx 000 0 und d
020 _c₹100
040 _cLDD
041 _ahi
082 _a8H0.3 हि4926-3
100 _aवर्मा, धीरेन्द्र
245 0 _aहिन्दी साहित्य कोश 1-2
_cधीरेन्द्र वर्मा
250 _aतृतीय सं.
260 _aवाराणसी
_bज्ञानमंडल
_c1986
300 _a2-Jan
942 _2ddc
_cH
999 _c169351
_d169351